00437 2200157 4500245005100000020002200051250000900073100001900082650001200101005001900113260008600132041001400218084001100232300002700243336000900270 aIlmu Sosial Budaya DasarcHertati SuandihText a978-602-392-085-3 a2019 aHertati Suandi aSejarah a20240902144206 aTangerang SelatanbUniversitas Terbuka Kementrian Pendidikan dan Kebudayaanc2019 aIndonesia aCB-D.0 a420 hal. :c15 x 21 cm atext